| 000 | 00604nam a22001937a 4500 | ||
|---|---|---|---|
| 003 | CEME | ||
| 005 | 20210628203353.0 | ||
| 008 | 210121b xxu||||| |||| 00| 0 eng d | ||
| 020 | _a1-58488-610-2 | ||
| 040 | _cceme | ||
| 082 | _a512.02 KLI | ||
| 100 |
_aKlima, Richard E , Sigmon, Neil P , Stitzinger, Ernest L _965029 |
||
| 245 | _aApplications of abstract algebra with maple and matlab | ||
| 250 | _a2ND | ||
| 260 |
_aNEW YORK _bCHAPMAN & HALL _c2007 |
||
| 300 | _a493 P | ||
| 650 |
_aALGEBRA ABSTRACT - DATA PROCESSING, MAPLE (COMPUTER FILE), MATLAB.ABSTRACT ALGEBRA _965030 |
||
| 942 |
_cBK _2ddc |
||
| 999 |
_c573356 _d573356 |
||